000
00334 a2200109 4500
001
ART_40753
005
20260410161628.0
008
260409a
245
1
0
_a
La próxima reforma fiscal y la moneda constante
100
1
_a
García, Fernando D.
773
0
_t
Enfoques
_g
Cierre de balance - Nº 11 (nov. 2016)
_w
REV416
999
_c
12216
_d
12216